Water science reviews. (Record no. 15832)
[ view plain ]
| 000 -LEADER | |
|---|---|
| fixed length control field | 00443cas a2200169 a 4500 |
| 022 ## - INTERNATIONAL STANDARD SERIAL NUMBER | |
| ISSN | 0266-4615 |
| 040 ## - CATALOGING SOURCE | |
| Transcribing agency | SUC |
| 082 ## - DEWEY DECIMAL CLASSIFICATION NUMBER | |
| Classification number | 541 CAM 1990 A081 Or. |
| 245 00 - TITLE STATEMENT | |
| Title | Water science reviews. |
| 260 ## - PUBLICATION, DISTRIBUTION, ETC. (IMPRINT) | |
| Place of publication | Cambridge ; |
| -- | New York : |
| Name of publisher | Cambridge University Press, |
| Year of publication | 1985-1990. |
| 300 ## - PHYSICAL DESCRIPTION | |
| Number of Pages | 5 v. : |
| Other physical details | ill. ; |
| Dimensions | 24 cm. |
| 500 ## - GENERAL NOTE | |
| General note | Editor: 1985- F. Franks. |
| 650 #0 - SUBJECT ADDED ENTRY--TOPICAL TERM | |
| Topical Term | Water chemistry |
| 650 #0 - SUBJECT ADDED ENTRY--TOPICAL TERM | |
| Topical Term | Water |
| 700 1# - ADDED ENTRY--PERSONAL NAME | |
| Personal name | Franks, Felix. |
| 942 ## - ADDED ENTRY ELEMENTS (KOHA) | |
| Koha item type | សៀវភៅភាសាអង់គ្លេស |
| 952 ## - LOCATION AND ITEM INFORMATION (KOHA) | |
| Withdrawn status [LOCAL, KOHA] | 0 |
| Permanent Location | Date acquired | Koha item type | Lost status | Shelving location | Barcode | Current Location | Full call number |
|---|---|---|---|---|---|---|---|
| Library Block A | 2017-12-13 | សៀវភៅភាសាអង់គ្លេស | A081 | A12928 | Library Block A | 541 CAM 1990 A081 Or. |